[Event "Veletrzni turnaj 2021"]
[Site "Brno"]
[Date "2021.08.31"]
[Round "4.19"]
[White "Smidek, Prokop"]
[Black "Ivan, Laszlo"]
[Result "0-1"]
[WhiteElo "1262"]
[BlackElo "1533"]
[PlyCount "50"]
[EventDate "2021.08.29"]

1. e4 e6 2. d4 d5 3. e5 c5 4. c3 Nc6 5. Nf3 Qb6 6. Be3 Qxb2 7. dxc5 Qxa1 8. Qb3
Bd7 9. Nfd2 Nge7 10. Qc2 Nb4 11. Qb3 Qxa2 12. Qxb4 Nc6 13. Qxb7 Rb8 14. Qc7
Rxb1+ 15. Nxb1 Qxb1+ 16. Ke2 Qb8 17. Qxb8+ Nxb8 18. Bg5 Bb5+ 19. Kd2 Bxf1 20.
Rxf1 Bxc5 21. Rb1 Bb6 22. Kd3 Kd7 23. Be3 Bxe3 24. Kxe3 Kc7 25. Ra1 Nc6 0-1

[Event "Veletrzni turnaj 2021"]
[Site "Brno"]
[Date "2021.08.31"]
[Round "4.20"]
[White "Karafiat, Vojtech"]
[Black "Krystl, Jaromir"]
[Result "1-0"]
[WhiteElo "1255"]
[BlackElo "1514"]
[PlyCount "43"]
[EventDate "2021.08.29"]

1. d4 Nf6 2. Bf4 Nd5 3. e3 Nxf4 4. exf4 d5 5. Nf3 Bf5 6. g3 Nd7 7. Bg2 Nf6 8.
Nbd2 c6 9. O-O Ne4 10. c3 Nxd2 11. Qxd2 Be4 12. Ne5 Bxg2 13. Kxg2 e6 14. Rfe1
Qb6 15. f5 Rc8 16. fxe6 fxe6 17. Qf4 Rc7 18. Nf3 Re7 19. Ng5 Kd7 20. Nxe6 Rxe6
21. Rxe6 Kxe6 22. Re1+ 1-0

[Event "Veletrzni turnaj 2021"]
[Site "Brno"]
[Date "2021.08.31"]
[Round "4.21"]
[White "Hayrumyan, Artur"]
[Black "Kuncicka, Klara"]
[Result "1-0"]
[WhiteElo "1511"]
[BlackElo "1279"]
[PlyCount "69"]
[EventDate "2021.08.29"]

1. d4 d5 2. Bf4 c5 3. e3 Nf6 4. Nd2 Qb6 5. dxc5 Qxc5 6. Bd3 Nc6 7. a3 e5 8. b4
Qe7 9. Bg5 e4 10. Bb5 Bd7 11. Ne2 Ne5 12. Nc3 h6 13. Bxf6 Qxf6 14. Nxd5 Qd6 15.
Nxe4 Qg6 16. Qd4 Bd6 17. Ndf6+ gxf6 18. Nxd6+ Ke7 19. Bxd7 Nxd7 20. Rd1 Ne5 21.
Nb5 Rhc8 22. Qd6+ Ke8 23. Qd5 Kf8 24. O-O a6 25. f4 Ng4 26. Rf3 axb5 27. Rg3
Qxc2 28. Qd6+ Ke8 29. Rxg4 Qxd1+ 30. Qxd1 Rd8 31. Rg8+ Ke7 32. Rxd8 Rxd8 33.
Qc2 Ke8 34. Qc5 Rd1+ 35. Kf2 1-0

[Event "Veletrzni turnaj 2021"]
[Site "Brno"]
[Date "2021.08.31"]
[Round "4.22"]
[White "Buchta, Vaclav"]
[Black "Vavrinkova, Marie"]
[Result "1/2-1/2"]
[WhiteElo "1119"]
[BlackElo "1492"]
[PlyCount "82"]
[EventDate "2021.08.29"]

1. b3 Nf6 2. Bb2 e6 3. Nf3 d5 4. e3 Bd6 5. d4 Nbd7 6. Nbd2 O-O 7. Bd3 Re8 8.
Ne5 c5 9. Ndf3 Qa5+ 10. Qd2 Qc7 11. Nxd7 Nxd7 12. Qe2 e5 13. dxe5 Nxe5 14. Nxe5
Bxe5 15. O-O-O Bxb2+ 16. Kxb2 Qe5+ 17. Kb1 Be6 18. e4 dxe4 19. Qxe4 Qxe4 20.
Bxe4 Bxb3 21. Bxb7 Rab8 22. axb3 Rxb7 23. Rhe1 Reb8 24. Re3 c4 25. Ka2 cxb3+
26. Rxb3 Kf8 27. Rdb1 Rxb3 28. Rxb3 Re8 29. c3 Ke7 30. Rb7+ Kf6 31. Kb3 Ra8 32.
c4 a6 33. c5 Ke6 34. Kc4 a5 35. Rb6+ Kd7 36. Kd5 Kc7 37. Rc6+ Kd7 38. Rb6 Kc7
39. Rc6+ Kd7 40. Rd6+ Kc7 41. c6 Rd8 1/2-1/2

[Event "Veletrzni turnaj 2021"]
[Site "Brno"]
[Date "2021.08.31"]
[Round "4.25"]
[White "Luc, Martin"]
[Black "Ulcak, Michael"]
[Result "0-1"]
[WhiteElo "1114"]
[BlackElo "1470"]
[PlyCount "50"]
[EventDate "2021.08.29"]

1. e4 e5 2. Nf3 Nc6 3. Bc4 Bc5 4. c3 Nf6 5. d4 exd4 6. cxd4 Bb4+ 7. Bd2 Bxd2+
8. Nbxd2 d5 9. exd5 Nxd5 10. O-O O-O 11. Re1 Nce7 12. Ne5 c6 13. Nb3 Bf5 14.
Bd3 Bxd3 15. Qxd3 Nf4 16. Qg3 Ned5 17. Re4 Qf6 18. Ng4 Qd6 19. Rae1 f5 20. Re6
Qb4 21. a3 Qc4 22. Ne5 Qc2 23. Re7 Ne2+ 24. Rxe2 Qd1+ 25. Re1 Qxe1# 0-1

[Event "Veletrzni turnaj 2021"]
[Site "Brno"]
[Date "2021.08.31"]
[Round "4.26"]
[White "Teply, Jan"]
[Black "Sauman, Petr"]
[Result "1/2-1/2"]
[WhiteElo "1063"]
[BlackElo "1346"]
[PlyCount "61"]
[EventDate "2021.08.29"]

1. e4 c5 2. c3 d6 3. d4 cxd4 4. cxd4 a6 5. Nf3 Bg4 6. Be2 e6 7. Nc3 Nf6 8. O-O
Be7 9. Bf4 O-O 10. Rc1 Nc6 11. a3 Rc8 12. Rc2 Qc7 13. Qd2 Na5 14. b4 Nxe4 15.
Qe3 Nxc3 16. bxa5 Nxe2+ 17. Rxe2 Qxa5 18. Rb2 Rc3 19. Qe2 b5 20. Bd2 Qxa3 21.
Bxc3 Qxc3 22. Ra2 Ra8 23. Qe4 Bxf3 24. Qxf3 Qxf3 25. gxf3 d5 26. Rfa1 Bf6 27.
Rxa6 Rxa6 28. Rxa6 g6 29. Rb6 Bxd4 30. Rxb5 h5 31. h3 1/2-1/2

[Event "Veletrzni turnaj 2021"]
[Site "Brno"]
[Date "2021.08.31"]
[Round "4.27"]
[White "Saskova, Renata"]
[Black "Hladky, Mikulas"]
[Result "0-1"]
[WhiteElo "1195"]
[BlackElo "1223"]
[PlyCount "32"]
[EventDate "2021.08.29"]

1. e4 e5 2. Nf3 Nc6 3. d4 exd4 4. Nxd4 Bc5 5. Nb3 Bb6 6. Nc3 Nf6 7. Bg5 h6 8.
Bh4 O-O 9. f4 d6 10. Nd5 Re8 11. g4 Rxe4+ 12. Be2 Bxg4 13. Nc1 Nd4 14. Nxf6+
gxf6 15. Qd3 Nf3+ 16. Kf1 Bh3# 0-1

[Event "Veletrzni turnaj 2021"]
[Site "Brno"]
[Date "2021.08.31"]
[Round "4.28"]
[White "Kubatova, Ema"]
[Black "Rychtecky, Pavel"]
[Result "0-1"]
[WhiteElo "1005"]
[BlackElo "1543"]
[PlyCount "74"]
[EventDate "2021.08.29"]

1. d4 Nf6 2. Nf3 e6 3. g3 d5 4. Bg2 Nbd7 5. O-O c5 6. e3 b6 7. Nbd2 Bb7 8. b3
Be7 9. Bb2 O-O 10. Rc1 Rc8 11. c4 cxd4 12. Nxd4 Nc5 13. Qe2 g6 14. Rfd1 a6 15.
Ba3 Qd7 16. Nc2 Rfd8 17. Ne1 Qe8 18. Nd3 Nxd3 19. Qxd3 Bxa3 20. Rc2 Qe7 21. Qe2
Kg7 22. Nf3 Rc7 23. cxd5 Nxd5 24. Nd4 Nc3 25. Qe1 Nxd1 26. Qxd1 Bxg2 27. Kxg2
e5 28. Qe2 exd4 29. exd4 Qxe2 30. Rxe2 Rxd4 31. Re8 Rd2 32. Ra8 a5 33. Rb8 Bc5
34. Re8 Rxa2 35. Re1 Bxf2 36. Kf1 Bxe1 37. Kxe1 Rc1# 0-1

[Event "Veletrzni turnaj 2021"]
[Site "?"]
[Date "2021.09.01"]
[Round "5.1"]
[White "Hladky, Tadeas"]
[Black "Fiala, Vaclav"]
[Result "1-0"]
[WhiteElo "1908"]
[BlackElo "2307"]
[PlyCount "89"]
[EventDate "2021.??.??"]

1. e4 c5 2. Nf3 e6 3. b3 d6 4. Bb2 Nf6 5. e5 dxe5 6. Nxe5 Be7 7. Bd3 Nbd7 8. f4
O-O 9. O-O Qc7 10. Na3 a6 11. Rf3 b5 12. Rh3 g6 13. c4 b4 14. Nc2 Bb7 15. Qe1
Rad8 16. Qh4 h5 17. Nxd7 Qc6 18. Ne1 Rxd7 19. Bxf6 Bxf6 20. Qxf6 Rfd8 21. Qg5
Kg7 22. Qe5+ Kg8 23. Qe2 Rd4 24. Re3 Qd6 25. Rd1 Qxf4 26. Nf3 Bxf3 27. Rxf3 Qd6
28. Bc2 Rh4 29. h3 Rd4 30. d3 e5 31. Re3 f6 32. Re4 Kg7 33. Rf1 a5 34. Qe3 Rd7
35. Re1 Qc7 36. Rxd4 Rxd4 37. Ra1 Qb6 38. Qe1 Qd6 39. Qe3 Qb6 40. Kh1 g5 41.
Bd1 Qd6 42. Bxh5 Rxd3 43. Qe4 Kf8 44. Rf1 Ke7 45. Qg6 1-0

[Event "Veletrzni turnaj 2021"]
[Site "?"]
[Date "2021.09.01"]
[Round "5.2"]
[White "Kuchar, Matej"]
[Black "Glozar, Petr"]
[Result "0-1"]
[WhiteElo "1998"]
[BlackElo "2110"]
[PlyCount "79"]
[EventDate "2021.??.??"]

1. e4 c5 2. Nf3 Nc6 3. d4 cxd4 4. Nxd4 g6 5. Nc3 Bg7 6. Be3 Nf6 7. Bc4 Qa5 8.
O-O O-O 9. Bb3 d6 10. h3 Bd7 11. Re1 Rac8 12. Qd3 a6 13. Rad1 Ne5 14. Qf1 b5
15. f4 Nc4 16. Bc1 Qb6 17. Qf2 b4 18. Nd5 Nxd5 19. exd5 Rfe8 20. f5 Ne5 21.
fxg6 hxg6 22. Be3 Qc7 23. Bf4 Rf8 24. Qh4 a5 25. a4 bxa3 26. bxa3 a4 27. Ba2
Rce8 28. c4 Qc5 29. Kh1 Qxa3 30. Bb1 Qb2 31. Qg3 Rc8 32. Ne6 Bxe6 33. dxe6 f5
34. Bxe5 dxe5 35. Qxg6 Rf6 36. Qh5 Rcf8 37. c5 Qc3 38. Rc1 Qg3 39. c6 Rh6 40.
Qf3 0-1

[Event "Veletrzni turnaj 2021"]
[Site "?"]
[Date "2021.09.01"]
[Round "5.3"]
[White "Hrdlicka, Vladan"]
[Black "Pokorny, Petr"]
[Result "1/2-1/2"]
[WhiteElo "1769"]
[BlackElo "2162"]
[PlyCount "60"]
[EventDate "2021.09.01"]
[SourceDate "2021.09.01"]

1. e4 e5 2. Nf3 Nf6 3. Nc3 Nc6 4. d4 exd4 5. Nxd4 Bb4 6. Nxc6 bxc6 7. Bd3 d5 8.
exd5 Qe7+ 9. Qe2 cxd5 10. O-O Qxe2 11. Nxe2 O-O 12. Bf4 Ba5 13. b4 Bb6 14. a4
a5 15. bxa5 Bxa5 16. Be5 Nd7 17. Bc3 c6 18. Bxa5 Rxa5 19. Nd4 Nc5 20. Nxc6 Rxa4
21. Ne7+ Kh8 22. Rxa4 Nxa4 23. Ra1 Nb6 24. Rb1 Re8 25. Rxb6 Rxe7 26. Rb8 Re8
27. Bb5 Re1+ 28. Bf1 Re8 29. Ba6 Re1+ 30. Bf1 Re8 1/2-1/2

[Event "Veletrzni turnaj 2021"]
[Site "?"]
[Date "2021.09.01"]
[Round "5.4"]
[White "Borkovec, Ondrej"]
[Black "Meszaros, Ludek"]
[Result "0-1"]
[WhiteElo "1223"]
[BlackElo "2027"]
[PlyCount "50"]
[EventDate "2021.09.01"]
[SourceDate "2021.09.01"]

1. d4 Nf6 2. Nf3 g6 3. g3 Bg7 4. c4 O-O 5. Nc3 d6 6. Bg2 Nc6 7. O-O Bf5 8. h3
Re8 9. g4 Bd7 10. Bf4 e5 11. dxe5 dxe5 12. Bg3 h5 13. gxh5 Nxh5 14. Bh4 Qc8 15.
Ng5 Nf4 16. Kh2 Nd4 17. e3 Nxg2 18. Kxg2 f6 19. Rg1 fxg5 20. Bxg5 Bc6+ 21. e4
Rf8 22. Qc1 Qf5 23. Rf1 Bxe4+ 24. Nxe4 Qxe4+ 25. Kg3 Ne2+ 0-1

[Event "Veletrzni turnaj 2021"]
[Site "?"]
[Date "2021.09.01"]
[Round "5.5"]
[White "Tajovsky, Matej"]
[Black "Stehlik, Jiri"]
[Result "1-0"]
[WhiteElo "2025"]
[BlackElo "1847"]
[PlyCount "65"]
[EventDate "2021.09.01"]
[SourceDate "2021.09.01"]

1. e4 c5 2. Nf3 Nc6 3. d4 cxd4 4. Nxd4 Qb6 5. Nb3 e6 6. Be3 Qc7 7. a3 Nf6 8.
Nc3 d6 9. Bd3 a6 10. O-O b5 11. Qe2 Be7 12. f4 Bb7 13. a4 b4 14. Na2 O-O 15.
Rac1 Rfc8 16. c3 bxc3 17. Nxc3 Qd8 18. g4 Nb4 19. Bb1 Nd7 20. g5 g6 21. Qg4 Bf8
22. h4 d5 23. e5 Nc5 24. Bxc5 Bxc5+ 25. Kh2 a5 26. h5 Bb6 27. hxg6 hxg6 28.
Bxg6 fxg6 29. Qxe6+ Kh8 30. Kg3 Rc7 31. Rh1+ Kg7 32. Rh6 Rf7 33. Rh7+ 1-0

[Event "Veletrzni turnaj 2021"]
[Site "?"]
[Date "2021.09.01"]
[Round "5.6"]
[White "Lukas, Frantisek"]
[Black "Vaculik, Martin"]
[Result "1/2-1/2"]
[WhiteElo "1879"]
[BlackElo "1862"]
[PlyCount "48"]
[EventDate "2021.09.01"]
[SourceDate "2021.09.01"]

1. b3 Nf6 2. Bb2 g6 3. e3 Bg7 4. d4 d6 5. Nf3 O-O 6. Be2 c5 7. O-O Bf5 8. c4
cxd4 9. Nxd4 Bd7 10. Nc3 Nc6 11. Bf3 Re8 12. Nd5 Nxd5 13. Bxd5 Nxd4 14. Bxd4
Bc6 15. Qf3 Bxd5 16. Qxd5 Qc7 17. Bxg7 Kxg7 18. h3 Kg8 19. e4 Rac8 20. Rad1 Qc6
21. e5 Qxd5 22. Rxd5 dxe5 23. Rfd1 Rc7 24. Rxe5 e6 1/2-1/2

[Event "Veletrzni turnaj 2021"]
[Site "?"]
[Date "2021.09.01"]
[Round "5.8"]
[White "Vojtek, Pavel"]
[Black "Volak, Simon"]
[Result "0-1"]
[WhiteElo "1609"]
[BlackElo "2035"]
[PlyCount "82"]
[EventDate "2021.09.01"]
[SourceDate "2021.09.01"]

1. e4 c5 2. Nf3 g6 3. d4 cxd4 4. Nxd4 Bg7 5. c4 Nc6 6. Be3 Qb6 7. Nxc6 Qxc6 8.
Qc2 d6 9. Nd2 Nf6 10. f3 O-O 11. Be2 Be6 12. Rc1 Rfc8 13. Nb3 Nd7 14. Nd4 Qc7
15. O-O a5 16. Qd2 Nc5 17. b3 Qd7 18. Rfd1 Qd8 19. Nxe6 Nxe6 20. c5 dxc5 21.
Qxd8+ Rxd8 22. Rxd8+ Rxd8 23. Bc4 b6 24. Kf1 Bd4 25. Bh6 Bg7 26. Be3 Kf8 27. a4
Rd6 28. Bf2 Be5 29. g3 Bd4 30. Bxe6 fxe6 31. Bxd4 Rxd4 32. Ke2 Ke8 33. Rc3 Kd7
34. Rd3 e5 35. Rc3 Kc6 36. Rc1 b5 37. Ra1 bxa4 38. Rxa4 Rxa4 39. bxa4 c4 40.
Kd2 Kc5 41. Kc3 g5 0-1

[Event "Veletrzni turnaj 2021"]
[Site "?"]
[Date "2021.09.01"]
[Round "5.9"]
[White "Sipek, Michal"]
[Black "Blazek, Pavel"]
[Result "1-0"]
[WhiteElo "2021"]
[BlackElo "1728"]
[PlyCount "45"]
[EventDate "2021.09.01"]
[SourceDate "2021.09.01"]

1. Nf3 Nc6 2. g3 e5 3. d3 d5 4. Bg2 Nf6 5. O-O Be7 6. c4 d4 7. Na3 Bxa3 8. bxa3
Nd7 9. e3 dxe3 10. fxe3 e4 11. Nd4 Nf6 12. Nxc6 bxc6 13. Bb2 Ng4 14. Bxe4 Nxe3
15. Bxc6+ Kf8 16. Qf3 Nxf1 17. Rxf1 Qe7 18. Bxa8 Bh3 19. Rd1 h5 20. Qf2 h4 21.
Re1 hxg3 22. Bxg7+ Kg8 23. Qxg3 1-0

[Event "Veletrzni turnaj 2021"]
[Site "?"]
[Date "2021.09.01"]
[Round "5.10"]
[White "Setina, Vaclav"]
[Black "Marsa, Alexandr"]
[Result "1-0"]
[WhiteElo "1607"]
[BlackElo "1863"]
[PlyCount "83"]
[EventDate "2021.09.01"]
[SourceDate "2021.09.01"]

1. e4 e6 2. d4 d5 3. exd5 exd5 4. Bd3 Nc6 5. c3 Qh4 6. Nf3 Qe7+ 7. Qe2 Qxe2+ 8.
Kxe2 Bg4 9. Bf4 O-O-O 10. Nbd2 Bd6 11. Bxd6 Rxd6 12. Rhe1 Nf6 13. Kf1 Nd7 14.
a4 a5 15. Re3 h6 16. Nb3 Kd8 17. Rae1 b6 18. h3 Bxf3 19. Rxf3 Nf6 20. Rfe3 Re8
21. Nd2 Rxe3 22. fxe3 Re6 23. e4 Nxe4 24. Nxe4 dxe4 25. Bxe4 Ne7 26. Bf3 Rxe1+
27. Kxe1 Kd7 28. Kd2 Kd6 29. Kd3 f5 30. b4 g5 31. Kc4 c6 32. b5 cxb5+ 33. Kxb5
Kc7 34. c4 Nc6 35. c5 bxc5 36. dxc5 Ne5 37. Bh5 Nd3 38. Bg6 Nf4 39. Bxf5 Nxg2
40. Kxa5 h5 41. Kb5 Ne3 42. Be4 1-0

[Event "Veletrzni turnaj 2021"]
[Site "?"]
[Date "2021.09.01"]
[Round "5.11"]
[White "Rehurek, Karel"]
[Black "Zikan, Karel"]
[Result "1/2-1/2"]
[WhiteElo "1798"]
[BlackElo "1627"]
[PlyCount "68"]
[EventDate "2021.09.01"]
[SourceDate "2021.09.01"]

1. e4 c6 2. d4 d5 3. exd5 cxd5 4. c4 Nf6 5. Nc3 e6 6. Nf3 Bb4 7. Qa4+ Nc6 8. a3
Bxc3+ 9. bxc3 Bd7 10. Qc2 O-O 11. Bd3 dxc4 12. Bxc4 Rc8 13. Bd3 Ne7 14. O-O Bc6
15. Bg5 Ng6 16. Nh4 Qd5 17. Nf3 Bb5 18. Bxb5 Qxb5 19. Bxf6 gxf6 20. Rfc1 Qc6
21. Qd2 Rfd8 22. Qe3 b5 23. h4 Qd5 24. a4 a6 25. axb5 axb5 26. Rab1 Rb8 27. Qh6
Qf5 28. Qe3 Rdc8 29. g3 Kg7 30. Nh2 Ne7 31. Qf3 Qxf3 32. Nxf3 Nd5 33. c4 bxc4
34. Rxb8 Rxb8 1/2-1/2

[Event "Veletrzni turnaj 2021"]
[Site "?"]
[Date "2021.09.01"]
[Round "5.12"]
[White "Hayrumyan, Artur"]
[Black "Mares, Jaroslav"]
[Result "0-1"]
[WhiteElo "1511"]
[BlackElo "1938"]
[PlyCount "80"]
[EventDate "2021.09.01"]
[SourceDate "2021.09.01"]

1. e4 e6 2. d4 d5 3. Nd2 Nf6 4. e5 Nfd7 5. Bd3 c5 6. c3 Nc6 7. Ne2 Qb6 8. Nf3
f6 9. exf6 Nxf6 10. Ng5 cxd4 11. cxd4 Bb4+ 12. Kf1 O-O 13. h3 Bd6 14. a3 Bd7
15. Qc2 h6 16. h4 Nxd4 17. Nxd4 Qxd4 18. Be3 Qg4 19. Bh7+ Kh8 20. Kg1 Rac8 21.
Qb1 e5 22. f3 Qa4 23. Bg6 d4 24. Bc1 Qd1+ 25. Kh2 e4+ 26. f4 Qg4 27. Nxe4 Qxh4+
28. Kg1 Qe1+ 29. Kh2 Ng4+ 30. Kh3 Nf2+ 31. Kg3 Nxh1+ 32. Kh2 Rxf4 33. Bxf4
Bxf4+ 34. g3 Bxg3+ 35. Nxg3 Qxg3+ 36. Kxh1 Bc6+ 37. Be4 Qh4+ 38. Kg1 Bxe4 39.
Qd1 Qg3+ 40. Kf1 Bd3+ 0-1

[Event "Veletrzni turnaj 2021"]
[Site "?"]
[Date "2021.09.01"]
[Round "5.13"]
[White "Lukas, Ondrej"]
[Black "Wunsch, Radek"]
[Result "1/2-1/2"]
[WhiteElo "1452"]
[BlackElo "1895"]
[PlyCount "54"]
[EventDate "2021.09.01"]
[SourceDate "2021.09.01"]

1. e4 Nc6 2. Nc3 e5 3. Bc4 Nf6 4. d3 Bc5 5. Bg5 h6 6. Bh4 g5 7. Bg3 h5 8. h4 g4
9. Qd2 d6 10. Nge2 Na5 11. O-O-O Nxc4 12. dxc4 Be6 13. Qd3 Nd7 14. f4 f6 15.
Rhf1 Bb6 16. Na4 Qe7 17. Nec3 O-O-O 18. Nd5 Bxd5 19. cxd5 exf4 20. Nxb6+ axb6
21. Rxf4 Rde8 22. Bf2 Qh7 23. Bd4 Rhf8 24. Rdf1 Qg6 25. g3 Kb8 26. Rf5 Rf7 27.
R1f4 Ref8 1/2-1/2

[Event "Veletrzni turnaj 2021"]
[Site "?"]
[Date "2021.09.01"]
[Round "5.14"]
[White "Habinova, Alice"]
[Black "Haupt, Jaromir"]
[Result "1-0"]
[WhiteElo "1418"]
[BlackElo "1743"]
[PlyCount "56"]
[EventDate "2021.09.01"]
[SourceDate "2021.09.01"]

1. e4 d6 2. d4 Nf6 3. Nc3 g6 4. Be3 c6 5. h3 a6 6. a4 b6 7. f4 Bg7 8. Nf3 e6 9.
Bd3 Qc7 10. Qd2 Nbd7 11. g4 e5 12. f5 Bb7 13. O-O-O gxf5 14. gxf5 O-O-O 15.
Rhg1 Rhg8 16. Qe2 exd4 17. Bxd4 c5 18. Be3 c4 19. Bxc4 Nc5 20. Ng5 Ncxe4 21.
Ncxe4 Nxe4 22. Nxf7 d5 23. Nxd8 Rxd8 24. Bxa6 Bxb2+ 25. Kxb2 Qc3+ 26. Ka2 Qb4
27. Bxb7+ Kxb7 28. Rg7+ Kb8 1-0

[Event "Veletrzni turnaj 2021"]
[Site "?"]
[Date "2021.09.01"]
[Round "5.15"]
[White "Neduchal, Jiri"]
[Black "Sepsi, Jakub"]
[Result "1/2-1/2"]
[WhiteElo "1734"]
[BlackElo "1400"]
[PlyCount "46"]
[EventDate "2021.09.01"]
[SourceDate "2021.09.01"]

1. d4 d5 2. Nf3 Nc6 3. e3 Nf6 4. c3 Bg4 5. Bd3 e5 6. dxe5 Nxe5 7. Be2 Bxf3 8.
Bxf3 c6 9. O-O Bd6 10. Qe2 O-O 11. Nd2 Qc7 12. b3 Rae8 13. Bb2 Qd7 14. c4 dxc4
15. Nxc4 Nxc4 16. Qxc4 Qf5 17. Rad1 Rd8 18. Qh4 Be5 19. Bxe5 Qxe5 20. Qb4 Qc7
21. a4 Nd5 22. Qc5 Qb6 23. Qc4 Nc7 1/2-1/2

[Event "Veletrzni turnaj 2021"]
[Site "?"]
[Date "2021.09.01"]
[Round "5.16"]
[White "Lisik, Miroslav"]
[Black "Karafiat, Vojtech"]
[Result "1-0"]
[WhiteElo "1680"]
[BlackElo "1255"]
[PlyCount "51"]
[EventDate "2021.09.01"]
[SourceDate "2021.09.01"]

1. e4 d6 2. d4 Nf6 3. Nc3 Nbd7 4. Nf3 e5 5. Bc4 Be7 6. a4 a5 7. O-O c6 8. h3 h5
9. Re1 Nf8 10. dxe5 dxe5 11. Nxe5 Be6 12. Bxe6 Nxe6 13. Be3 Bb4 14. f3 g5 15.
Qxd8+ Rxd8 16. Red1 Ke7 17. Ne2 Rxd1+ 18. Rxd1 Rg8 19. c3 Bc5 20. Nd4 Bxd4 21.
cxd4 Rd8 22. Nc4 Nc5 23. Bxg5 Ne6 24. h4 Nxd4 25. Kf2 Ke6 26. e5 1-0

[Event "Veletrzni turnaj 2021"]
[Site "?"]
[Date "2021.09.01"]
[Round "5.17"]
[White "Sojka, Oldrich"]
[Black "Tajovsky, Simon"]
[Result "0-1"]
[WhiteElo "1417"]
[BlackElo "1607"]
[PlyCount "79"]
[EventDate "2021.09.01"]
[SourceDate "2021.09.01"]

1. e4 c5 2. Bc4 d6 3. Nc3 Nf6 4. d3 a6 5. a3 Nc6 6. Nf3 g6 7. Bg5 Bg7 8. Qd2 b5
9. Ba2 Bg4 10. Nh4 Nd4 11. h3 Bd7 12. Ne2 Nxe2 13. Qxe2 O-O 14. Qd2 Re8 15. O-O
c4 16. dxc4 Nxe4 17. Qf4 Nxg5 18. Qxg5 Bxb2 19. Rab1 Bf6 20. Qh6 Bg7 21. Qg5
Be6 22. Rfe1 Bxc4 23. Bxc4 bxc4 24. Nf3 e6 25. Qf4 d5 26. Rb7 Re7 27. Reb1 e5
28. Qg3 Rxb7 29. Rxb7 Rb8 30. Ra7 Qb6 31. Rd7 Qc6 32. Ra7 d4 33. Ng5 Qd6 34.
Nxf7 Rb1+ 35. Kh2 Qb8 36. Rd7 Qe8 37. Ra7 e4 38. Qg5 Qb8+ 39. g3 Qxa7 40. Nd8
0-1

[Event "Veletrzni turnaj 2021"]
[Site "?"]
[Date "2021.09.01"]
[Round "5.18"]
[White "Ivan, Laszlo"]
[Black "Breindl, Jaroslav"]
[Result "1-0"]
[WhiteElo "1533"]
[BlackElo "1798"]
[PlyCount "40"]
[EventDate "2021.09.01"]
[SourceDate "2021.09.01"]

1. e4 c5 2. d4 cxd4 3. c3 dxc3 4. Nxc3 d6 5. Bc4 e6 6. Nf3 a6 7. O-O Be7 8. Qe2
Bd7 9. Rd1 Qc7 10. Bf4 b5 11. Bb3 b4 12. Na4 Qa5 13. Rac1 e5 14. Be3 Bxa4 15.
Bxa4+ Nd7 16. Bxd7+ Kxd7 17. Rd5 Qd8 18. Nxe5+ Ke8 19. Qc4 Nf6 20. Rdd1 Rf8 1-0

[Event "Veletrzni turnaj 2021"]
[Site "?"]
[Date "2021.09.01"]
[Round "5.19"]
[White "Vavrinkova, Marie"]
[Black "Soucek, Andrej"]
[Result "1/2-1/2"]
[WhiteElo "1492"]
[BlackElo "1318"]
[PlyCount "81"]
[EventDate "2021.09.01"]
[SourceDate "2021.09.01"]

1. d4 Nf6 2. c4 g6 3. Nf3 Bg7 4. Bf4 O-O 5. Nc3 d5 6. e3 c6 7. Bd3 Nbd7 8. O-O
a6 9. e4 dxc4 10. Bxc4 b5 11. Bd3 Nh5 12. Be3 e5 13. Qd2 exd4 14. Nxd4 c5 15.
Nf3 c4 16. Be2 Nhf6 17. e5 Ng4 18. Qd5 Nxe3 19. fxe3 Nb6 20. Qd4 Bb7 21. Rad1
Qc7 22. Qd6 Qxd6 23. Rxd6 Bh6 24. Kf2 Bxf3 25. Bxf3 Rab8 26. Nd5 Nxd5 27. Bxd5
Rbd8 28. Ke2 Rxd6 29. exd6 Bg5 30. d7 Kg7 31. e4 Be7 32. e5 f5 33. e6 Kf6 34.
Kf3 h6 35. g4 Ke5 36. Bb7 fxg4+ 37. Kg2 Rxf1 38. Kxf1 b4 39. Bxa6 c3 40. bxc3
bxc3 41. Bd3 1/2-1/2

[Event "Veletrzni turnaj 2021"]
[Site "?"]
[Date "2021.09.01"]
[Round "5.20"]
[White "Ulcak, Michael"]
[Black "Buchta, Vaclav"]
[Result "1-0"]
[WhiteElo "1470"]
[BlackElo "1119"]
[PlyCount "147"]
[EventDate "2021.09.01"]
[SourceDate "2021.09.01"]

1. e4 c5 2. Nc3 d6 3. g3 Nf6 4. Bg2 g6 5. d3 Bg7 6. Be3 Nbd7 7. Qd2 Ng4 8. f4
O-O 9. Nf3 Rb8 10. O-O b5 11. Rab1 a6 12. h3 Nxe3 13. Qxe3 Nf6 14. e5 Nd7 15.
e6 fxe6 16. Qxe6+ Kh8 17. Ng5 Ne5 18. Qd5 Bb7 19. Qb3 Bxg2 20. Kxg2 c4 21. dxc4
Nxc4 22. Ne6 Qb6 23. Nxf8 Rxf8 24. Rbe1 Ne3+ 25. Rxe3 Qxe3 26. Nd5 Qxb3 27.
cxb3 e5 28. Rc1 e4 29. Kf2 Bd4+ 30. Ke2 a5 31. Rc6 Bc5 32. Ra6 a4 33. bxa4 bxa4
34. Rxa4 Rb8 35. b4 Bb6 36. Nxb6 Rxb6 37. Ke3 d5 38. a3 Kg7 39. Ra7+ Kf6 40.
Kd4 Ke6 41. Ra4 Rd6 42. b5 Kf5 43. Ra6 Rd7 44. b6 h5 45. Ra7 Rd8 46. a4 h4 47.
gxh4 Kxf4 48. a5 Re8 49. Rf7+ Kg3 50. Ke3 d4+ 51. Kxd4 e3 52. Rf1 e2 53. Re1
Kf2 54. Rxe2+ Rxe2 55. a6 Kg3 56. b7 Rb2 57. a7 Rxb7 58. a8=Q Rb4+ 59. Ke5 Kxh4
60. Qg2 Rb5+ 61. Kf6 Rb4 62. Kxg6 Rb6+ 63. Kf7 Rb4 64. Qf1 Rb7+ 65. Ke6 Rg7 66.
Qf3 Rg3 67. Qf2 Kxh3 68. Kf5 Rg2 69. Qe1 Kh2 70. Kf4 Rg8 71. Qe2+ Kg1 72. Qd1+
Kh2 73. Qc2+ Kg1 74. Qb1+ 1-0

[Event "Veletrzni turnaj 2021"]
[Site "?"]
[Date "2021.09.01"]
[Round "5.21"]
[White "Kozubik, Pavel"]
[Black "Hladky, Mikulas"]
[Result "0-1"]
[WhiteElo "1279"]
[BlackElo "1223"]
[PlyCount "114"]
[EventDate "2021.09.01"]
[SourceDate "2021.09.01"]

1. e4 e5 2. Nf3 Nc6 3. Bc4 Nf6 4. d4 exd4 5. c3 dxc3 6. Nxc3 Bb4 7. O-O Bxc3 8.
bxc3 O-O 9. Ba3 Re8 10. Qb3 Kh8 11. Ng5 Ne5 12. f4 Nxe4 13. Nxe4 Nxc4 14. Qxc4
d5 15. Qb3 Rxe4 16. f5 c6 17. Rad1 Qb6+ 18. Kh1 Qxb3 19. axb3 b5 20. h3 Ba6 21.
b4 Rae8 22. Rf3 Re1+ 23. Rxe1 Rxe1+ 24. Kh2 f6 25. Kg3 Kg8 26. Kf4 Bc8 27. g4
Re4+ 28. Kg3 Kf7 29. Bc1 g6 30. Be3 a6 31. Bd4 gxf5 32. gxf5 Re2 33. Rf4 Ra2
34. Kg4 Rg2+ 35. Kf3 Rg5 36. h4 Rxf5 37. Rxf5 Bxf5 38. Kf4 Bg6 39. Bc5 Ke6 40.
Bd4 Be4 41. Bc5 Kd7 42. Bd4 Kc7 43. Bxf6 c5 44. Be7 cxb4 45. Bxb4 Kb6 46. Ke3
a5 47. Ba3 Kc6 48. Be7 Kd7 49. Ba3 Ke6 50. Kd4 h5 51. Kc5 Bd3 52. Kd4 Bc4 53.
Bc5 Kf5 54. Be7 Kf4 55. Kc5 Ke4 56. Kb6 Kd3 57. Bf6 a4 0-1

[Event "Veletrzni turnaj 2021"]
[Site "?"]
[Date "2021.09.01"]
[Round "5.23"]
[White "Kuncicka, Klara"]
[Black "Prokop, Jiri"]
[Result "1/2-1/2"]
[WhiteElo "1279"]
[BlackElo "1684"]
[PlyCount "98"]
[EventDate "2021.09.01"]
[SourceDate "2021.09.01"]

1. e4 d6 2. Nc3 Nf6 3. Nf3 g6 4. d4 c6 5. Be3 Bg7 6. Qd2 O-O 7. O-O-O Qc7 8. h3
e6 9. e5 dxe5 10. dxe5 Nd5 11. Nxd5 cxd5 12. Bh6 Nc6 13. Bxg7 Kxg7 14. Qf4 Qe7
15. h4 f6 16. Qe3 fxe5 17. Nxe5 Nxe5 18. Qxe5+ Qf6 19. f4 Qxe5 20. fxe5 Rf7 21.
Re1 Bd7 22. Bd3 Rf2 23. Ref1 Raf8 24. g4 h6 25. g5 h5 26. Rxf2 Rxf2 27. Rf1
Rxf1+ 28. Bxf1 Kf7 29. Kd2 Ke7 30. Kc3 a5 31. Kd4 b6 32. Bd3 Be8 33. a3 Kd8 34.
c4 dxc4 35. Kxc4 Kc7 36. Be4 Kd8 37. b4 axb4 38. Kxb4 Kc7 39. a4 Bf7 40. a5
bxa5+ 41. Kxa5 Be8 42. Bd3 Kb7 43. Bb5 Bc6 44. Bd3 Be8 45. Be4+ Kc7 46. Bd3 Kb7
47. Be4+ Kc7 48. Bd3 Kb7 49. Be4+ Kc7 1/2-1/2